000 00378nam a22001451a 4500
082 _aH3
_bCHI/V
100 _aChitra Chaturvedi Karthika
245 _aVaijayanti (pratham khant)/
_cby Chitra Chaturvedi Karthika
260 _aAllahabad:
_bLokbharathi,
_c1996.
300 _a482p.
650 _aNovel Hindi
650 _aLiterature Hindi
650 _aLiterature
942 _cBK
999 _c48778
_d48778